| 000 | 00512nam a2200217Ia 4500 | ||
|---|---|---|---|
| 003 | OSt | ||
| 005 | 20140404083111.0 | ||
| 008 | 140130s9999 xx 000 0 und d | ||
| 020 | _a0439099749 | ||
| 050 |
_aPZ 7 _b.P2197Sme 1999 |
||
| 100 |
_aPark, Barbara _96412 |
||
| 245 |
_cBarbara Park _aJunie B. Smells Something Fishy |
||
| 260 |
_bScholastic, _c1999. _aU.S.A : |
||
| 300 | _a66 | ||
| 440 |
_v1 _930965 |
||
| 521 | _aG2 | ||
| 526 | _c330 | ||
| 942 |
_cBK _2lcc |
||
| 999 |
_c40162 _d40162 |
||